Größte Gemeinden Österreichs mit "V" - Statistiken

Allgemein
  • Dieses Quiz wurde 70 mal gespielt
  • Das Durchschnittsergebnis liegt bei 6 aus 10
Antwortstatistiken
Einwohner Bezirk Bundesland Gemeinde % Korrekt
62.243 Villach Kärnten Villach
100%
12.324 Vöcklabruck Oberösterreich Vöcklabruck
80%
10.889 Völkermarkt Kärnten Völkermarkt
78%
9.926 Villach-Land Kärnten Velden am Wörther See
69%
9.400 Voitsberg Steiermark Voitsberg
60%
4.950 Vöcklabruck Oberösterreich Vöcklamarkt
49%
5.181 Schwaz Tirol Vomp
47%
6.844 Innsbruck-Land Tirol Völs
42%
7.519 Gmunden Oberösterreich Vorchdorf
38%
7.205 Mödling Niederösterreich Vösendorf
29%
Keine übereinstimmenden Quizze gefunden
Verteilung der Resultate
Anzahl Personen mit jedem Resultat
Perzentil nach korrekt beantworteten Fragen
Ihre Resultats-Entwicklung
Sie haben dieses Quiz noch nicht gespielt